Normal view
MARC view
Entry Personal Name
001 - CONTROL NUMBER
- control field: 11617
003 - CONTROL NUMBER IDENTIFIER
- control field: dpl
005 - DATE AND TIME OF LATEST TRANSACTION
- control field: 20100812121721.0
008 - FIXED-LENGTH DATA ELEMENTS
- fixed length control field: 100812|||a|||||| | ||| d
040 ## - CATALOGING SOURCE
- Original cataloging agency: dpl
- Transcribing agency: dpl
100 ## - HEADING--PERSONAL NAME
- Personal name: Sharma, Jagdish Prasad
670 ## - SOURCE DATA FOUND
- Source citation: Work cat.: (dpl)41136: Sharma, Jagdish Prasad , Life insurance corporation of india :, 2010
670 ## - SOURCE DATA FOUND
- Source citation: Work cat.: (dpl)41136: Sharma, Jagdish Prasad , Life insurance corporation of india :, 2010
